Two new frogs (Eleutherodactylus) from the Serrania de Perija, Colombia (Registro nro. 15540)

Detalles MARC
000 -CABECERA
Campo de control 003730000a22001090004500
090 ## - CLASIFICACIÓN LOCAL
Colección AS
Consecutivo Seriadas
041 0# - IDIOMA
Código de idioma para texto/pista de sonido o título separado
100 1# - ASIENTO PRINCIPAL--NOMBRE PERSONAL
Nombre personal Lynch, John D.
245 10 - MENCION DE TITULO
Título Two new frogs (Eleutherodactylus) from the Serrania de Perija, Colombia
773 1# - Item fuente:
Título Revista de Academia Colombiana de Ciencias Exactas, Físicas y Naturales
Descripción física 105
Paginas del Articulo 613-617
Lugar, editorial y fecha de publicación 2003
Información sobre la relación 27
942 ## - ELEMENTOS ADICIONALES (KOHA)
Tipo de ítem Artículo

No hay ítems disponibles.